| 000 | 00481nam a22001097a 4500 | ||
|---|---|---|---|
| 008 | 150618b xxu||||| |||| 00| 0 eng d | ||
| 010 | _8HCCRSF: 004 | ||
| 245 | _aHIGH COURT CRIMINAL SESSION No. 104 of 1969 Uganda Vs Erikado Rwanika | ||
| 260 | _aHigh Court Kampala | ||
| 500 | _3(original criminal Case No. MMB. 634 of 1968 in the chief Magistrate's court of Ankole at Mbarara Before: His Worship w.K.M. kityo, Esq., Mag Grade 1) | ||
| 500 | _3Before Hon.Mr. Acting Justice S. Musoke | ||
| 999 |
_c6382 _d6382 |
||